Welcome to WEB OPAC of MRSPTU Central Library

Fundamentals of Soil and Water Conservation Engineering (Record no. 10415)

MARC details
000 -LEADER
fixed length control field 00450nam a22001817a 4500
003 - CONTROL NUMBER IDENTIFIER
control field OSt
005 - DATE AND TIME OF LATEST TRANSACTION
control field 20241104111514.0
008 - FIXED-LENGTH DATA ELEMENTS--GENERAL INFORMATION
fixed length control field 241104b |||||||| |||| 00| 0 eng d
040 ## - CATALOGING SOURCE
Transcribing agency MRSPTU
041 ## - LANGUAGE CODE
Language code of text/sound track or separate title ENG
082 ## - DEWEY DECIMAL CLASSIFICATION NUMBER
Classification number 631.45
Item number GU-S
100 ## - MAIN ENTRY--PERSONAL NAME
Personal name Gupta, S.K.
245 ## - TITLE STATEMENT
Title Fundamentals of Soil and Water Conservation Engineering
260 ## - PUBLICATION, DISTRIBUTION, ETC.
Place of publication, distribution, etc. New Delhi
Name of publisher, distributor, etc. Daya Pub. House
Date of publication, distribution, etc. 2024
300 ## - PHYSICAL DESCRIPTION
Extent 671
650 ## - SUBJECT ADDED ENTRY--TOPICAL TERM
Topical term or geographic name entry element Agriculture
942 ## - ADDED ENTRY ELEMENTS (KOHA)
Source of classification or shelving scheme Dewey Decimal Classification
Koha item type Book
Suppress in OPAC No
Holdings
Withdrawn status Lost status Source of classification or shelving scheme Damaged status Not for loan Home library Current library Date acquired Total checkouts Full call number Barcode Date last seen Price effective from Koha item type Date last checked out
    Dewey Decimal Classification     MRSPTU Central Library MRSPTU Central Library 11/04/2024   631.45 GU-S 41726 11/04/2024 11/04/2024 Book  
    Dewey Decimal Classification     MRSPTU Central Library MRSPTU Central Library 11/04/2024 1 631.45 GU-S 41727 03/20/2025 11/04/2024 Book 02/27/2025
    Dewey Decimal Classification     MRSPTU Central Library MRSPTU Central Library 11/04/2024   631.45 GU-S 41728 11/04/2024 11/04/2024 Book  

Website Designed and Developed by MRSPTU Central Library Team

E-mail Id: librarian@mrsptu.ac.in